1807 1647 1186 1334 1730 1367 1314 1559 1243 1080 1156 1642 1791 1612 1044 1977 1080 1200 1738 1403 1348 1658 1134 1147 1570 1272 1628 1986 1298 1757 1874 1194 1357 1222 1930 1563 1395 1940 1438 1907 1314 1735 1093 1361 1318 1735 1853 1147 1325 1305 1994 1532 1088 1918 1559 1535 1003 1816 1990 1489 1295 1500 1153 1357 1016 1733 1530 1399 1738 1145 1141 1169 1949 1241 1162 1246 1954 1606 1394 1585 1626 1420 1583 1775 1136 1617 1600 1422 1772 1487 1394 1392 1481 1454 1962 1285 1357 1744 1525 BCNSPRNW ULIB Ver.6.0+V

เปลี่ยนเป็นภาษาไทย

Change to English
 แสดงรายละเอียดบรรณานุกรม
  กลับหน้าหลัก

Brief Record : Get Marc (ISO 2709) : E-mail record : QR code < ปิดหน้าต่าง
LEADER : 00000nam 2200000uu 4500
001    13399127772
003     ULIB
008    210824s2563||||th 000 0 tha d
020    ^a9786164434608
060 04 ^aQW4^bพ338C
100 0  ^aพบชัย งามสกุลรุ่งโรจน์
245 00 ^aCases in medical microbiology & parasitology /^cบรรณาธิการ,พบชัย งามสกุลรุ่งโรจน์ ... [และคนอื่น ๆ]
246 30 ^aCases in medical microbiology and parasitology
250    ^aพิมพ์ครั้งที่ 1
260    ^aกรุงเทพฯ :^bภาควิชาจุลชีววิทยาและภาควิชาปรสิตวิทยาคณะแพทยศาสตร์ศิริราชพยาบาล มหาวิทยาลัยมหิดล,^c2563
300    ^axiii, 779 หน้า :^bภาพประกอบ (ภาพสีบางภาพ) ;^c24 ซม.
504    ^aมีบรรณานุกรมและดัชนี
505 0  ^aA Clinical approach to Infectious -- LaboratoryInvestigation of infectious diseases -- Fever withoutlocalizing signs -- Infections in skin and musculoskeletalsystem -- Infections with cardiovascular and lymphaticsystems -- Infections in respiratory system -- Infectionsin Gastrointestinal and hepatobiliary systems --Infections in urinary system -- Infections in reproductivesystem -- Infections in nervous system and organs ofspecial senses -- Infections in immunocompromised patients-- Congenital and neonatal infections
650  2 ^aMedical microbiology
650  2 ^aBacteria
650  2 ^aParasitology
650  4 ^aจุลชีววิทยาทางการแพทย์
650  4 ^aแบคทีเรีย
650  4 ^aปรสิตวิทยา
700 0  ^aพบชัย งามสกุลรุ่งโรจน์,^eบรรณาธิการ
710 2  ^aมหาวิทยาลัยมหิดล.^bคณะแพทยศาสตร์ศิริราชพยาบาล.^bภาควิชาภาควิชาจุลชีววิทยา
710 2  ^aมหาวิทยาลัยมหิดล.^bคณะแพทยศาสตร์ศิริราชพยาบาล.^bภาควิชาปรสิตวิทยา
945    ^p999^l0^i008106
945    ^p999^l0^i008665
945    ^p999^l0^i008666
945    ^p999^l0^i008667
945    ^p999^l0^i008668
945    ^p999^l0^i008669
945    ^p999^l0^i008670
945    ^p999^l0^i008671
945    ^p999^l0^i008672
945    ^p999^l0^i008673
945    ^p999^l0^i008674
945    ^p999^l0^i008675
945    ^p999^l0^i008676
945    ^p999^l0^i008677
945    ^p999^l0^i008678
945    ^p999^l0^i008679
999    ^aประนอม เกษจรัล
รายการนี้ยังไม่มีแท็ก
คุณยังไม่ได้ล็อกอิน คุณสามารถมีกิจกรรมร่วมกับเว็บไซต์ได้ แต่ต้องล็อกอินก่อน ::
  ล็อกอิน

รายการสื่อสารสนเทศ

ลำดับที่ ประเภท เลขเรียก/บาร์โค้ด สถานที่ สถานะ
1. วิทยาศาสตร์การแพทย์ และสุขภาพ
หนังสือสำรอง
สถานะ=หนังสือสำรอง
QW4 พ338C ฉ.1 
  Barcode: 008106
ห้องสมุดวิทยาเขตสวรรค์ประชารักษ์
►หนังสือทั่วไป
บนชั้น
2. วิทยาศาสตร์การแพทย์ และสุขภาพ
วิทยาศาสตร์การแพทย์ และสุขภาพ
QW4 พ338C ฉ.10 
  Barcode: 008673
ห้องสมุดวิทยาเขตสวรรค์ประชารักษ์
►หนังสือทั่วไป
บนชั้น
3. วิทยาศาสตร์การแพทย์ และสุขภาพ
วิทยาศาสตร์การแพทย์ และสุขภาพ
QW4 พ338C ฉ.11 
  Barcode: 008674
ห้องสมุดวิทยาเขตสวรรค์ประชารักษ์
►หนังสือทั่วไป
บนชั้น
4. วิทยาศาสตร์การแพทย์ และสุขภาพ
วิทยาศาสตร์การแพทย์ และสุขภาพ
QW4 พ338C ฉ.12 
  Barcode: 008675
ห้องสมุดวิทยาเขตสวรรค์ประชารักษ์
►หนังสือทั่วไป
บนชั้น
5. วิทยาศาสตร์การแพทย์ และสุขภาพ
วิทยาศาสตร์การแพทย์ และสุขภาพ
QW4 พ338C ฉ.13 
  Barcode: 008676
ห้องสมุดวิทยาเขตสวรรค์ประชารักษ์
►หนังสือทั่วไป
บนชั้น
6. วิทยาศาสตร์การแพทย์ และสุขภาพ
วิทยาศาสตร์การแพทย์ และสุขภาพ
QW4 พ338C ฉ.14 
  Barcode: 008677
ห้องสมุดวิทยาเขตสวรรค์ประชารักษ์
►หนังสือทั่วไป
บนชั้น
7. วิทยาศาสตร์การแพทย์ และสุขภาพ
วิทยาศาสตร์การแพทย์ และสุขภาพ
QW4 พ338C ฉ.15 
  Barcode: 008678
ห้องสมุดวิทยาเขตสวรรค์ประชารักษ์
►หนังสือทั่วไป
บนชั้น
8. วิทยาศาสตร์การแพทย์ และสุขภาพ
วิทยาศาสตร์การแพทย์ และสุขภาพ
QW4 พ338C ฉ.16 
  Barcode: 008679
ห้องสมุดวิทยาเขตสวรรค์ประชารักษ์
►หนังสือทั่วไป
บนชั้น
9. วิทยาศาสตร์การแพทย์ และสุขภาพ
วิทยาศาสตร์การแพทย์ และสุขภาพ
QW4 พ338C ฉ.2 
  Barcode: 008665
ห้องสมุดวิทยาเขตสวรรค์ประชารักษ์
►หนังสือทั่วไป
บนชั้น
10. วิทยาศาสตร์การแพทย์ และสุขภาพ
วิทยาศาสตร์การแพทย์ และสุขภาพ
QW4 พ338C ฉ.3 
  Barcode: 008666
ห้องสมุดวิทยาเขตสวรรค์ประชารักษ์
►หนังสือทั่วไป
บนชั้น
11. วิทยาศาสตร์การแพทย์ และสุขภาพ
วิทยาศาสตร์การแพทย์ และสุขภาพ
QW4 พ338C ฉ.4 
  Barcode: 008667
ห้องสมุดวิทยาเขตสวรรค์ประชารักษ์
►หนังสือทั่วไป
บนชั้น
12. วิทยาศาสตร์การแพทย์ และสุขภาพ
วิทยาศาสตร์การแพทย์ และสุขภาพ
QW4 พ338C ฉ.5 
  Barcode: 008668
ห้องสมุดวิทยาเขตสวรรค์ประชารักษ์
►หนังสือทั่วไป
บนชั้น
13. วิทยาศาสตร์การแพทย์ และสุขภาพ
วิทยาศาสตร์การแพทย์ และสุขภาพ
QW4 พ338C ฉ.6 
  Barcode: 008669
ห้องสมุดวิทยาเขตสวรรค์ประชารักษ์
►หนังสือทั่วไป
บนชั้น
14. วิทยาศาสตร์การแพทย์ และสุขภาพ
วิทยาศาสตร์การแพทย์ และสุขภาพ
QW4 พ338C ฉ.7 
  Barcode: 008670
ห้องสมุดวิทยาเขตสวรรค์ประชารักษ์
►หนังสือทั่วไป
บนชั้น
15. วิทยาศาสตร์การแพทย์ และสุขภาพ
วิทยาศาสตร์การแพทย์ และสุขภาพ
QW4 พ338C ฉ.8 
  Barcode: 008671
ห้องสมุดวิทยาเขตสวรรค์ประชารักษ์
►หนังสือทั่วไป
บนชั้น
16. วิทยาศาสตร์การแพทย์ และสุขภาพ
วิทยาศาสตร์การแพทย์ และสุขภาพ
QW4 พ338C ฉ.9 
  Barcode: 008672
ห้องสมุดวิทยาเขตสวรรค์ประชารักษ์
►หนังสือทั่วไป
บนชั้น

รายการใกล้เคียง
    ผู้แต่ง [พบชัย งามสกุลรุ่งโรจน์]

    หัวเรื่อง [Medical microbiology]
    หัวเรื่อง [Bacteria]
    หัวเรื่อง [Parasitology]
    หัวเรื่อง [จุลชีววิทยาทางการแพทย์]
    หัวเรื่อง [แบคทีเรีย]
    หัวเรื่อง [ปรสิตวิทยา]

BibComment


ยังไม่เคยถูกคอมเมนท์

คอมเมนท์ทรัพยากรรายการนี้
  คอมเมนท์: Cases in medical..


 Copyright 2026. Bcnsprnw @Library